Languages of Canada - Statistics

General Stats
  • This quiz has been taken 46 times
  • The average score is 6 of 9
Answer Stats
Percent Language % Correct
58 English
100%
22 French
100%
1 Spanish
84%
1 German
74%
1 Italian
74%
1 Arabic
60%
1 Tagalog
42%
1 Cantonese
33%
1 Punjabi
33%
No matching quizzes found
Score Distribution
Percent of People with Each Score
Percentile by Number Answered
Your Score History
You have not taken this quiz